| 000 | 00996njm a22002417a 4500 | ||
|---|---|---|---|
| 005 | 20100903153250.0 | ||
| 007 | sd ammalaaahaa | ||
| 008 | 100901t xxu||||| |||| 00| 0 hin d | ||
| 028 |
_aN.52334 _bHis Master's Voice |
||
| 028 |
_aOJE.7646 _bHis Master's Voice |
||
| 035 | _aGR-415 | ||
| 040 | _aSED/VEN | ||
| 100 |
_917815 _aLata Mangeshker |
||
| 245 |
_aMother India / _cby Lata Mangeshker _h[sound recording] : _bHindustani |
||
| 246 | _aमदर इंडिया | ||
| 260 |
_aDum Dum, India _bHis Master's Voice |
||
| 300 |
_a1 sound disc : _banalog, 33 1/3 rpm _c10 in. |
||
| 500 | G | _aBrief record | |
| 505 | _aNagari Nagari duare duare ( नगरी नगरी दुआरे दुआरे ) पार्ट १ , Chundariya badhti jaaye (चुन्दरिया बढती जाए ) पार्ट २ | ||
| 650 |
_aClassical music _xExcerpts _zIndia _917813 |
||
| 942 |
_2ddc _cGR |
||
| 999 |
_c43639 _d43639 |
||